Φυσική

Αποθηκεύτηκε σε:
Λεπτομέρειες βιβλιογραφικής εγγραφής
Κύριοι συγγραφείς: Halliday, David, 1916-2010, Resnick, Robert, 1923-2014 (Συγγραφέας), Krane, Kenneth S. (Συγγραφέας)
Άλλοι συγγραφείς: Ακύλας, Αθανάσιος (Μεταφραστής), Διαμαντόπουλος, Γεώργιος (Μεταφραστής)
Μορφή: Βιβλίο
Γλώσσα:Greek
English
Δημοσίευση: Αθήνα : Γ. & Α. Πνευματικός, 2009.
Έκδοση:4η έκδ.
Θέματα:
Ετικέτες: Προσθήκη ετικέτας
Δεν υπάρχουν, Καταχωρήστε ετικέτα πρώτοι!

MARC

LEADER 00000cam a2200000 i 4500
001 1/40012
008 140113s2009 gr | ||| |||| ||gre||
020 |a 9789607258748 
035 |l 10116309 
040 |a GR-MyUA  |b gre  |e AACR2 
041 1 |a gre  |h eng 
082 0 |a 530  |2 (22) 
100 1 |a Halliday, David,   |d 1916-2010. 
245 1 0 |a Φυσική /   |c David Halliday, Robert Resnick, Kenneth S. Krane ; μετάφραση: Αθανάσιος Ακύλας, Γεώργιος Διαμαντόπουλος.  
250 |a 4η έκδ.  
260 |a Αθήνα :   |b Γ. & Α. Πνευματικός,   |c 2009.  
300 |a xiii, 605, [45] σ. :   |b εικ. ;   |c 28 εκ.  
500 |a Περιλαμβάνει ευρετήριο.  
500 |a Μετάφραση της 4η έκδοσης του Physics, John Willey & sons, 1992.  
500 |a Τίτλος πρωτοτύπου: Physics.  
504 |a Περιλαμβάνει παράρτηματα με πίνακες, απαντήσεις προβλημάτων ευρετήριο κ.α.  
650 0 0 |a Physics. 
700 1 |a Resnick, Robert,   |d 1923-2014,  |e aut 
700 1 |a Krane, Kenneth S.  |e aut 
700 1 |a Ακύλας, Αθανάσιος,  |e trl 
700 1 |a Διαμαντόπουλος, Γεώργιος,  |e trl 
852 |a INST  |b LESVOS  |c EUDOXUS  |e 20140113  |h 530 HAL  |p 005100052715  |q 005100052715  |t EDX  |y 0  |z τ.1 
852 |a INST  |b LESVOS  |c EUDOXUS  |e 20140113  |h 530 HAL  |p 005100052716  |q 005100052716  |t EDX  |y 0  |z τ.1 
852 |a INST  |b LESVOS  |c EUDOXUS  |e 20140113  |h 530 HAL  |p 005100052715  |q 005100052715  |t EDX  |v τ.1:  |y 0  |z τ.1 
852 |a INST  |b LESVOS  |c EUDOXUS  |e 20140113  |h 530 HAL  |p 005100052716  |q 005100052716  |t EDX  |v τ.1:  |y 0  |z τ.1 
852 |a INST  |b SAMOS  |c EUDOXUS  |e 20140210  |h 530 HAL  |p 005300036415  |q 005300036415  |t EDX  |y 0  |z τ.1 
852 |a INST  |b SAMOS  |c EUDOXUS  |e 20140210  |h 530 HAL  |p 005300036416  |q 005300036416  |t EDX  |y 0  |z τ.1 
852 |a INST  |b SAMOS  |c EUDOXUS  |e 20140210  |h 530 HAL  |p 005300036417  |q 005300036417  |t EDX  |y 0  |z τ.1 
852 |a INST  |b SAMOS  |c EUDOXUS  |e 20140210  |h 530 HAL  |p 005300036415  |q 005300036415  |t EDX  |v τ.1:  |y 0  |z τ.1 
852 |a INST  |b SAMOS  |c EUDOXUS  |e 20140210  |h 530 HAL  |p 005300036416  |q 005300036416  |t EDX  |v τ.1:  |y 0  |z τ.1 
852 |a INST  |b SAMOS  |c EUDOXUS  |e 20140210  |h 530 HAL  |p 005300036417  |q 005300036417  |t EDX  |v τ.1:  |y 0  |z τ.1 
853 |a INST  |b LESVOS  |c EUDOXUS  |h 530 HAL 
853 |a INST  |b SAMOS  |c EUDOXUS  |h 530 HAL 
901 |a BIBL3-2013-1 
901 |a BIBL1-2014-1 
909 |a Σ  |b 184603 
909 |a Σ  |b 184604 
909 |a Σ  |b 184605 
909 |a Λ  |b 186428 
909 |a Λ  |b 186429 
920 |a ΕΥΔΟΞΟΣ  |b ΠΑΡΑΓΓΕΛΙΑ  |y Σάμος-ΤΜΑΘ  |z 2013-12 
920 |a ΕΥΔΟΞΟΣ  |b ΠΑΡΑΓΓΕΛΙΑ  |y Λέσβος-ΤΕΘ  |z 2013-04 
970 |a ΤΖΑΦΕΡΗ  |b ΕΥΑΓΓΕΛΙΑ  |z 2014/01/11